| 000 -CABECERA |
| campo de control de longitud fija |
00714nam a2200265 a 4500 |
| 001 - NÚMERO DE CONTROL |
| campo de control |
000082168 |
| 005 - FECHA Y HORA DE LA ÚLTIMA TRANSACCIÓN |
| campo de control |
20200120224705.0 |
| 008 - DATOS DE LONGITUD FIJA--INFORMACIÓN GENERAL |
| campo de control de longitud fija |
161130s2007 sp ||||gr|||| 000 ||spa d |
| 020 ## - NÚMERO INTERNACIONAL ESTÁNDAR DEL LIBRO |
| Número Internacional Estándar del Libro |
9788426364487 |
| 041 0# - CÓDIGO DE LENGUA |
| Código de lengua del texto/banda sonora o título independiente |
*+spa |
| 043 ## - CÓDIGO DE ÁREA GEOGRÁFICA |
| Código de área geográfica |
e-sp--- |
| 090 ## - LOCALMENTE ASIGNADO TIPO-LC NÚMERO DE CLASIFICACIÓN (OCLC); NÚMERO DE CLASIFICACIÓN LOCAL (RLIN) |
| Número de clasificación (OCLC) (R) ; Numero de clasificación, CALL (RLIN) (NR) |
AN |
| Número cutter local (OCLC) ; Número de libro/Signatura topográfica íntegra, CALL (RLIN) |
MOUGt |
| 100 1# - ENTRADA PRINCIPAL--NOMBRE DE PERSONA |
| Nombre de persona |
Moure, Gonzalo |
| 245 10 - MENCIÓN DE TÍTULO |
| Título |
Tuva / |
| Mención de responsabilidad, etc. |
Gonzalo Moure. |
| 250 ## - MENCIÓN DE EDICIÓN |
| Mención de edición |
1a. ed. |
| 260 ## - PUBLICACIÓN, DISTRIBUCIÓN, ETC. |
| Lugar de publicación, distribución, etc. |
Zaragoza : |
| Nombre del editor, distribuidor, etc. |
Edelvives, |
| Fecha de publicación, distribución, etc. |
2007. |
| 300 ## - DESCRIPCIÓN FÍSICA |
| Extensión |
270 páginas. |
| 490 0# - MENCIÓN DE SERIE |
| Mención de serie |
Alandar |
| Designación de volumen o secuencia |
97 |
| 500 ## - NOTA GENERAL |
| Nota general |
Incluye índice |
| 650 17 - PUNTO DE ACCESO ADICIONAL DE MATERIA--TÉRMINO DE MATERIA |
| Término de materia o nombre geográfico como elemento de entrada |
Viajes en la literatura |
| Fuente del encabezamiento o término |
LEMB |
| 650 27 - PUNTO DE ACCESO ADICIONAL DE MATERIA--TÉRMINO DE MATERIA |
| Término de materia o nombre geográfico como elemento de entrada |
Caballos en la literatura |
| Fuente del encabezamiento o término |
LEMB |
| 650 27 - PUNTO DE ACCESO ADICIONAL DE MATERIA--TÉRMINO DE MATERIA |
| Término de materia o nombre geográfico como elemento de entrada |
Naturaleza en la literatura |
| Fuente del encabezamiento o término |
LEMB |
| 650 27 - PUNTO DE ACCESO ADICIONAL DE MATERIA--TÉRMINO DE MATERIA |
| Término de materia o nombre geográfico como elemento de entrada |
Novela española |
| Fuente del encabezamiento o término |
LEMB |
| 650 27 - PUNTO DE ACCESO ADICIONAL DE MATERIA--TÉRMINO DE MATERIA |
| Término de materia o nombre geográfico como elemento de entrada |
Literatura adulto |
| Fuente del encabezamiento o término |
LEMB |